10 Jahre Archivdepot Suhl des Staatsarchivs Meiningen

Titel: 10 Jahre Archivdepot Suhl des Staatsarchivs Meiningen
Verfasser:
In: Archive in Thüringen, Heft 18 (2000), Seite 11-13
alle Artikel anzeigen
Veröffentlicht: 2000
Format: Aufsatz
Sprache: Deutsch
Kein Bild verfügbar
X
alg: 44188895
001A    $03036:30-01-19 
001B    $00017:30-01-20 $t14:07:39.000 
001D    $03036:30-01-19 
001U    $0utf8 
001X    $00 
002@    $0Aox 
003@    $044188895X 
007A    $044188895X $aHEB 
007T    $0ArchMa04723 
010@    $ager 
011@    $a2000 
021A    $a10 Jahre Archivdepot Suhl des Staatsarchivs Meiningen 
028A    $BVerfasser $4aut $7136529348 $8Moczarski, Norbert$Z1953- [Tp3] $9205884806 
031A    $e18 $h11-13 $j2000 
039B    $aIn $8--Abvc--. Archive in Thüringen. - Weimar : Thüringisches Hauptstaatsarchiv {[u.a.], 1992- $x200000000000018989 $9048133140 
045T    $a8,1 

lok: 44188895 105

exp: 44188895 105 1 #EPN
201B/01 $030-01-19 $t13:06:07.000 
201C/01 $030-01-19 
201U/01 $0utf8 
203@/01 $01042240701 
208@/01 $a13-12-18 $be 
209A/01 $a/ $f106 $x00 
244Z/01 $aSuhl $x01 
244Z/01 $aMeiningen $x02 
245Z/01 $a2.15.01. $bArchivwissenschaft und Archivtheorie / Archivbereiche / Staatliche Archive $x01 
245Z/01 $a3.18.02. $bArchivwesen des Bundes- und der deutschen Bundesländer / Thüringen / Archive und Archivbestände $x02 
247C/01 $8->Marburg, Bibliographie zum Archivwesen der Archivschule Marburg $939588196X
LEADER 00000caa a22000002c 4500
001 44188895X
003 DE-603
005 20200130140739.0
007 tu
008 190130s2000 xx |||| | u00||u|ger c
035 |a (DE-599)HEB44188895X 
040 |a DE-603  |b ger  |c DE-603  |d DE-603 
041 |a ger 
084 |a 8,1  |2 ssgn 
100 1 |a Moczarski, Norbert  |d 1953-  |e Verfasser  |4 aut  |0 (DE-603)205884806  |0 (DE-588)136529348  |2 gnd 
245 0 0 |a 10 Jahre Archivdepot Suhl des Staatsarchivs Meiningen 
264 0 |c 2000 
773 0 8 |i In  |t Archive in Thüringen  |d Weimar : Thüringisches Hauptstaatsarchiv ˜[u.a.], œ1992-  |h 30 cm  |g Heft 18 (2000), Seite 11-13  |w (DE-603)048133140  |w (DE-600)914002-5 
924 0 |9 -  |a (DE-603)1042240701  |b DE-  |c HES  |d d  |g /